Calderón Guardia /
Guardat en:
| Autor principal: | |
|---|---|
| Format: | Desconegut |
| Idioma: | Spanish |
| Publicat: |
San José, Costa Rica :
Ministerio de Cultura, Juventud y Deportes,
1980.
|
| Matèries: | |
| Etiquetes: |
Afegir etiqueta
Sense etiquetes, Sigues el primer a etiquetar aquest registre!
|
MARC
| LEADER | 000000000a22000000004500 | ||
|---|---|---|---|
| 001 | 006413 | ||
| 041 | 0 | |a spa | |
| 082 | 0 | 4 | |a 972.860.5 |b S161c |
| 100 | 1 | |a Salazar Mora, Jorge Mario, |d 1950- | |
| 245 | 1 | 0 | |a Calderón Guardia / |c Jorge Mario Salazar Mora. |
| 260 | 1 | |a San José, Costa Rica : |b Ministerio de Cultura, Juventud y Deportes, |c 1980. | |
| 300 | |a 240 páginas | ||
| 650 | 4 | |a COSTA RICA | |
| 650 | 4 | |a HISTORIA | |
| 650 | 4 | |a REVOLUCION, 1940? | |
| 650 | 4 | |a CALDERON GUARDIA, RAFAEL ANGEL, PRESIDENTE, COSTA RICA, 1900-1970 | |
| 999 | |c 12005 |d 12005 | ||
| 942 | |c BK |h 972.860.5 S161c |2 z | ||
